[Event "Moncada Cup-E"]
[Site "Santiago de Cuba"]
[Date "2019.03.23"]
[Round "4.1"]
[White "Vazquez Lopez, Roberto Carlos"]
[Black "Cazulo Ramirez, Jesus David"]
[Result "1/2-1/2"]
[WhiteElo "2144"]
[BlackElo "2157"]
[PlyCount "73"]
[EventDate "2019.03.20"]
[EventType "tourn"]
[EventRounds "10"]
[EventCountry "CUB"]
[SourceTitle "EXT 2023"]
[Source "ChessBase"]
[SourceDate "2022.10.05"]
[SourceVersion "1"]
[SourceVersionDate "2022.10.05"]
[SourceQuality "1"]

1. d4 Nf6 2. c4 e6 3. Nc3 Bb4 4. e3 0-0 5. a3 Bxc3+ 6. bxc3 d5 7. cxd5 exd5 8. Bd3 c5 9. Ne2 b6 10. 0-0 Ba6 11. f3 Re8 12. Ng3 Bxd3 13. Qxd3 Nc6 14. Bb2 h5 15. Rae1 Rc8 16. e4 h4 17. Nf5 cxd4 18. cxd4 h3 19. e5 Nh5 20. gxh3 Nf4 21. Qe3 Qg5+ 22. Ng3 Nxh3+ 23. Kh1 Qxe3 24. Rxe3 Nf4 25. Nf5 Na5 26. Rg1 g6 27. Nd6 Nc4 28. Nxc8 Nxe3 29. Nd6 Nd3 30. h3 Re7 31. Bc1 Nxc1 32. Rxc1 Nc4 33. Rc3 Nxd6 34. exd6 Rd7 35. Rc7 Rxd6 36. Rxa7 Rf6 37. Kg2 1/2-1/2

[Event "Santiago de Cuba Province-ch final"]
[Site "Santiago de Cuba"]
[Date "2018.09.30"]
[Round "7"]
[White "Vazquez Lopez, Roberto Carlos"]
[Black "Romero Arzuaga, Yudel"]
[Result "1-0"]
[WhiteElo "2158"]
[BlackElo "2192"]
[PlyCount "38"]
[EventDate "2018.09.26"]
[EventType "swiss"]
[EventRounds "9"]
[EventCountry "CUB"]
[SourceTitle "EXT 2021"]
[Source "ChessBase"]
[SourceDate "2020.10.23"]
[SourceVersion "1"]
[SourceVersionDate "2020.10.23"]
[SourceQuality "1"]

1. d4 d5 2. c4 e6 3. cxd5 exd5 4. Nc3 Be7 5. Nf3 Nf6 6. Bg5 0-0 7. Qc2 c6 8. e3 Ne4 9. Bxe7 Qxe7 10. Bd3 f5 11. 0-0 Nd7 12. Rfe1 Rf6 13. Nd2 Rg6 14. f3 Ng5 15. Kh1 Nf6 16. Bxf5 Bxf5 17. Qxf5 Rf8 18. Qd3 Qc7 19. f4 Nge4 1-0

[Event "Santiago de Cuba Province-ch final"]
[Site "Santiago de Cuba"]
[Date "2018.09.28"]
[Round "4"]
[White "Vazquez Lopez, Roberto Carlos"]
[Black "Cespedes Bejerano, Jose Angel"]
[Result "1-0"]
[WhiteElo "2158"]
[BlackElo "2080"]
[PlyCount "101"]
[EventDate "2018.09.26"]
[EventType "swiss"]
[EventRounds "9"]
[EventCountry "CUB"]
[SourceTitle "EXT 2021"]
[Source "ChessBase"]
[SourceDate "2020.10.23"]
[SourceVersion "1"]
[SourceVersionDate "2020.10.23"]
[SourceQuality "1"]

1. d4 e6 2. c4 f5 3. g3 Nf6 4. Bg2 d5 5. Nf3 c6 6. 0-0 Bd6 7. b3 0-0 8. Ba3 Bxa3 9. Nxa3 Nbd7 10. Nb1 b6 11. Nc3 Ba6 12. cxd5 cxd5 13. Re1 Ne4 14. Na4 g5 15. Nd2 Rc8 16. Nxe4 fxe4 17. Qd2 Qf6 18. f3 Bb7 19. Rf1 Qg6 20. Rac1 exf3 21. exf3 Nb8 22. f4 Rxc1 23. Qxc1 Ba6 24. Rf2 Qd3 25. Qe1 Qg6 26. fxg5 Rxf2 27. Kxf2 Nc6 28. h4 Qf5+ 29. Kg1 Nxd4 30. Qe3 Ne2+ 31. Kh2 d4 32. Qe4 Qxe4 33. Bxe4 d3 34. Kg2 d2 35. Bc2 Bd3 36. Bd1 b5 37. Nb2 Nc3 38. Kf2 Bb1 39. a3 Nxd1+ 40. Nxd1 Bc2 41. Ke2 Bxb3 42. Kxd2 Bxd1 43. Kxd1 a5 44. Kd2 Kf7 45. g4 Kg6 46. Kd3 Kf7 47. Kd4 e5+ 48. Kxe5 b4 49. axb4 axb4 50. Kd4 Ke6 51. h5 1-0

[Event "Villa Santiago op"]
[Site "Santiago de Cuba"]
[Date "2018.08.13"]
[Round "6"]
[White "Vazquez Lopez, Roberto Carlos"]
[Black "Alvarez Calzadilla, Jose Avelino"]
[Result "0-1"]
[WhiteElo "2157"]
[BlackElo "2120"]
[PlyCount "76"]
[EventDate "2018.08.08"]
[EventType "swiss"]
[EventRounds "7"]
[EventCountry "CUB"]
[SourceTitle "EXT 2021"]
[Source "ChessBase"]
[SourceDate "2020.10.23"]
[SourceVersion "1"]
[SourceVersionDate "2020.10.23"]
[SourceQuality "1"]

1. d4 Nf6 2. c4 e6 3. Nc3 Bb4 4. e3 d5 5. a3 Bxc3+ 6. bxc3 0-0 7. cxd5 exd5 8. Bd3 c5 9. Ne2 b6 10. 0-0 Ba6 11. Bxa6 Nxa6 12. Qd3 Nc7 13. f3 Re8 14. Ng3 Ne6 15. Bb2 Qd7 16. e4 cxd4 17. e5 dxc3 18. Bxc3 Nc5 19. Qd4 Nb3 20. Qd1 Qb5 21. exf6 Qc5+ 22. Kh1 Qxc3 23. Rb1 Nc5 24. fxg7 Rad8 25. Nh5 Re3 26. f4 Ne4 27. Qg4 d4 28. Qh4 Rc8 29. f5 d3 30. Nf4 Qe5 31. Nxd3 Rxd3 32. f6 Nc5 33. Rbe1 Re3 34. Qh3 Rxe1 35. Qxc8+ Qe8 36. Qf5 Rxf1+ 37. Qxf1 Nd3 38. g4 Qe4+ 0-1

[Event "Villa Santiago op"]
[Site "Santiago de Cuba"]
[Date "2018.08.10"]
[Round "3"]
[White "Venzant Batista, Marcia Camila"]
[Black "Vazquez Lopez, Roberto Carlos"]
[Result "1/2-1/2"]
[WhiteElo "1914"]
[BlackElo "2157"]
[PlyCount "70"]
[EventDate "2018.08.08"]
[EventType "swiss"]
[EventRounds "7"]
[EventCountry "CUB"]
[SourceTitle "EXT 2021"]
[Source "ChessBase"]
[SourceDate "2020.10.23"]
[SourceVersion "1"]
[SourceVersionDate "2020.10.23"]
[SourceQuality "1"]

1. e4 e5 2. Nf3 Nc6 3. Bb5 a6 4. Ba4 d6 5. c3 f5 6. exf5 Bxf5 7. 0-0 Be7 8. d4 b5 9. Bb3 e4 10. Bd5 Qd7 11. Ng5 Nf6 12. Bf7+ Kf8 13. Bb3 h6 14. d5 Nd8 15. Ne6+ Nxe6 16. dxe6 Bxe6 17. f3 Bxb3 18. Qxb3 exf3 19. Rxf3 g5 20. Be3 Kg7 21. Nd2 Rhf8 22. Raf1 c5 23. c4 Ng4 24. cxb5 Bf6 25. Kh1 Nxe3 26. Rxe3 axb5 27. Ne4 Bd4 28. Ref3 c4 29. Qd1 Be5 30. Nc3 Bxc3 31. bxc3 Qe6 32. Re1 Qg6 33. Qd4+ Kg8 34. Qd5+ Kh8 35. Rxf8+ Rxf8 1/2-1/2

[Event "Moncada Cup-D"]
[Site "Santiago de Cuba"]
[Date "2018.03.24"]
[Round "6"]
[White "Lavigne Lopez, Raul Leonardo"]
[Black "Vazquez Lopez, Roberto Carlos"]
[Result "1-0"]
[WhiteElo "2155"]
[BlackElo "2143"]
[PlyCount "109"]
[EventDate "2018.03.20"]
[EventType "tourn"]
[EventRounds "10"]
[EventCountry "CUB"]
[SourceTitle "EXT 2021"]
[Source "ChessBase"]
[SourceDate "2020.10.23"]
[SourceVersion "1"]
[SourceVersionDate "2020.10.23"]
[SourceQuality "1"]

1. d4 d5 2. c4 c6 3. Nc3 Nf6 4. Nf3 g6 5. e3 Bg7 6. Be2 0-0 7. 0-0 Ne4 8. Qb3 Nxc3 9. bxc3 e6 10. Ba3 Re8 11. Rfd1 b6 12. Rac1 Bb7 13. cxd5 cxd5 14. Bb5 Bc6 15. c4 a6 16. Bxc6 Nxc6 17. cxd5 Na5 18. Qb1 exd5 19. Bb4 Nc4 20. a4 Qd7 21. Qb3 Rac8 22. Nd2 Nxd2 23. Bxd2 b5 24. axb5 Qxb5 25. Qxb5 axb5 26. Rxc8 Rxc8 27. Rb1 Rb8 28. Bb4 Bf8 29. Kf1 Bxb4 30. Rxb4 Kf8 31. Ke2 Ke7 32. Kd3 Kd6 33. Rb1 f5 34. Ra1 Kc6 35. Rc1+ Kb6 36. Rc5 Ra8 37. Rxd5 Ra2 38. f3 Rxg2 39. e4 f4 40. e5 Ra2 41. h4 Ra3+ 42. Ke4 Rc3 43. Rd8 Kb7 44. Rd5 Kb6 45. Kxf4 b4 46. e6 Rc7 47. Re5 Re7 48. Re1 Kc7 49. Ke5 Kd8 50. d5 b3 51. d6 Rb7 52. Kf6 b2 53. d7 b1Q 54. e7+ Kxd7 55. e8Q+ 1-0